Exploring the world of the personal computer /

Bibliographic Details
Main Author: Nilles, Jack M.
Format: Book
Language:English
Published: Englewood Cliffs, N.J. : Prentice-Hall, [1982]
Subjects:

MARC

Tag First Indicator Second Indicator Subfields
LEADER 00000pam a2200000 a 4500
001 in00000074998
005 20151008060241.0
008 811125s1982 njua b 00110 eng
010 |a  81021120  
020 |a 0132975807 :  |c $12.95 
020 |z 0132975726 
035 |a (OCoLC)08034352 
035 |9 AAJ5391AM 
039 0 |a 2  |b 3  |c 3  |d 3  |e 3 
040 |a DLC  |c DLC  |d TXA  |d UtOrBLW 
049 |a TXAM  |c 2 [273381] 
050 0 0 |a QA76.5  |b  N553 
082 0 |a 001.64  |2 19 
100 1 |a Nilles, Jack M. 
245 1 0 |a Exploring the world of the personal computer /  |c Jack M. Nilles. 
264 1 |a Englewood Cliffs, N.J. :  |b Prentice-Hall,  |c [1982] 
264 4 |c ©1982 
300 |a xviii, 234 pages :  |b illustrations ;  |c 24 cm. 
336 |a text  |b txt  |2 rdacontent 
337 |a unmediated  |b n  |2 rdamedia 
338 |a volume  |b nc  |2 rdacarrier 
500 |a Includes index. 
504 |a Bibliography: pages 219-227. 
650 0 |a Minicomputers. 
999 |a MARS 
999 f f |s c317a64b-332a-32aa-8ee5-6904977cbf68  |i b09e1cbc-2366-313b-9def-3c31154df69a  |t 0 
952 f f |p ric  |a Texas A&M University  |b Rellis Campus  |c Joint Library Facility  |d Remote Storage  |t 0  |e QA76.5 N553  |h Library of Congress classification  |i unmediated -- volume  |m A14808022972 
998 f f |a QA76.5 N553  |t 0  |l Remote Storage